Click the African Country by Biggest City - Statistics

General Stats
  • This quiz has been taken 32 times
  • The average score is 47 of 54
Answers on the Map
Answers color-coded by a green-red scale on the quiz's map according to % correct below.
 
Answer Stats
Answer % Correct
São Tomé
100%
Cairo
95%
Johannesburg
95%
Khartoum
95%
Tunis
95%
Windhoek
95%
Accra
90%
Addis Ababa
90%
Algiers
90%
Antananarivo
90%
Bissau
90%
Casablanca
90%
Dar es Salaam
90%
Freetown
90%
Juba
90%
Kampala
90%
Kigali
90%
Lagos
90%
Luanda
90%
Maputo
90%
Mogadishu
90%
Monrovia
90%
Moroni
90%
Nairobi
90%
N'Djamena
90%
Nouakchott
90%
Port Louis
90%
Tripoli
90%
Victoria
90%
Asmara
86%
Bamako
86%
Brazzaville
86%
Conakry
86%
Dakar
86%
Djibouti City
86%
Gaborone
86%
Harare
86%
Kinshasa
86%
Lilongwe
86%
Lusaka
86%
Ouagadougou
86%
Porto-Novo
86%
Abidjan
81%
Bangui
81%
Douala
81%
Malabo
81%
Maseru
81%
Mbabane
81%
Niamey
81%
Praia
81%
Banjul
76%
Bujumbura
76%
Lomé
76%
Libreville
71%
No matching quizzes found
Score Distribution
Percent of People with Each Score
Percentile by Number Answered
Your Score History
You have not taken this quiz